000 00505nam a22001817a 4500
005 20260410132613.0
008 260410b |||||||| |||| 00| 0 eng d
037 _cDSWL
040 _aDSWL
_cDSWL
041 _heng
100 _aKumbhar, R K
_91234670
245 _aHunger, Deprivation and Social Exclusion
260 _aJaipur,
_bRawat Publication,
_c2017
300 _a296p
365 _aINR
_b1250
942 _2CC
_cTEXL
_n0
999 _c1848226
_d1848226